La génesis de la humanidad
Сохранить в:
| Главный автор: | |
|---|---|
| Формат: | |
| Язык: | испанский |
| Опубликовано: |
Buenos Aires
EUDEBA
1961
|
| Серии: | Cuadernos de EUDEBA, 55
|
| Предметы: | |
| Метки: |
Добавить метку
Нет меток, Требуется 1-ая метка записи!
|
MARC
| LEADER | 00000nam a2200000 a 4500 | ||
|---|---|---|---|
| 001 | UCR9268 | ||
| 003 | CL-VaPUC | ||
| 008 | 980613e19610000AG |||||||||||||||||spa|d | ||
| 082 | 0 | 4 | |a 301 |b ARA |2 21 |
| 100 | 0 | |a Arambourg, Camille |e author |9 411602 | |
| 245 | 1 | 3 | |a La génesis de la humanidad |
| 300 | |a 79 p | ||
| 942 | |c BK | ||
| 945 | |d 19980613 00:00:00 |a cmena | ||
| 260 | |a Buenos Aires |b EUDEBA |c 1961 | ||
| 650 | 0 | |a Antropología cultural y social |9 265143 | |
| 650 | 0 | |a Evolución |9 259442 | |
| 650 | 7 | |a ERA CUATERNARIA |2 CL-VaPUC |9 360610 | |
| 650 | 0 | |a Naturaleza humana |9 308593 | |
| 650 | 7 | |a HOMBRE |2 CL-VaPUC |9 262149 | |
| 583 | |a last modification |c 19980613 00:00:00 |k Rodrigo Vera | ||
| 490 | 0 | |a Cuadernos de EUDEBA, 55 | |
| 999 | |c 270470 |d 270468 | ||
| 952 | |0 0 |1 0 |4 0 |6 301_000000000000000_ARA_1961 |7 0 |8 A |9 304775 |a BIBEDU |b BIBEDU |d 2019-11-20 |i 1415441 |o 301 ARA 1961 |p 1415441 |r 2019-11-20 |w 2019-11-20 |y BK |k LIT | ||